Networks of Counterparties in the Centrally Cleared EU-Wide Interest Rate Derivatives Market
Saved in:
| Main Author: | |
|---|---|
| Other Authors: | , |
| Format: | Book |
| Language: | English |
| Published: |
Frankfurt am Main
European Systemic Risk Board
2017
|
| Edition: | [1st edition] |
| Series: | Working Paper Series
No 54/September 2017 |
| Subjects: | |
| Tags: |
No Tags, Be the first to tag this record!
|
MARC
| LEADER | 00000nlm a2200000 4500 | ||
|---|---|---|---|
| 001 | 0245481 | ||
| 005 | 20240502083654.6 | ||
| 020 | |a 978-92-95210-41-7 | ||
| 022 | |a 2467-0677 | ||
| 041 | 0 | |a eng | |
| 044 | |a DE | ||
| 245 | 1 | 0 | |a Networks of Counterparties in the Centrally Cleared EU-Wide Interest Rate Derivatives Market |c Paweł Fiedor, Sarah Lapschies, Lucia Országhová |
| 250 | |a [1st edition] | ||
| 264 | 1 | |a Frankfurt am Main |b European Systemic Risk Board |c 2017 | |
| 300 | |a online 67 s. [3,44 AH] | ||
| 490 | 1 | |a Working Paper Series |v No 54/September 2017 | |
| 830 | 0 | |a Working Paper Series |v No 54/September 2017 | |
| 610 | 2 | 0 | |a sadzby úrokové |
| 610 | 2 | 0 | |a deriváty |
| 610 | 2 | 0 | |a trh peňažný medzinárodný |
| 610 | 2 | 0 | |a riziko finančné |
| 610 | 2 | 0 | |a dáta |
| 610 | 2 | 0 | |a Európska únia |
| 100 | 1 | |a Fiedor, Paweł | |
| 700 | 1 | |a Lapschies, Sarah | |
| 700 | 1 | |a Országhová, Lucia, 1982- | |